000
00327 a2200157 4500
001
185263
020
_a
040
_c
Magnum
100
_a
Houaiss, Antonio
240
1
0
_a
Silva Alvarenga: poesia
_l
por
245
1
0
_a
Silva Alvarenga: poesia
300
_a
73
362
0
_a
1958
697
_a
LITERATURA GERAL
942
_c
BK
999
_c
185263
_d
185263